00865nam a2200229 a 4500001001000000003000500010005001700015008004100032010001100073011001100084040000900095100003300104245014300137260004100280500006000321502006900381650003500450650003300485650002900518650001800547856007000565000111636CHAP20220329144223.0150623s2015 mx a fsm |||||||spa d a108097 a109069 cCHAP1 aRamírez Zamarripa, Rogelio10aInoculación con micorrizas en el cultivo de chile morrón en invernadero e hidroponíah[En línea]cpor Rogelio Ramírez Zamarripa. aChapingo, Méx. :bEl autor,c2015. aPara ver el contenido del material haga clic en la liga aTesis (M.C. en Horticultura) -- UACH. Departamento de Fitotecnia14aChile pimientoxInoculación.14aChile pimientoxRendimiento.14aCultivos en invernadero.14aHidroponía. aFinding aiduhttp://10.13.5.2/tesis/sist111636.pdfzTeclea aquí